000 nam a22 7a 4500
999 _c7336
_d7336
008 170814b xxu||||| |||| 00| 0 eng d
020 _a9788177000214
100 _aArora
_93874
245 _aFoundation of Information Technology
260 _aNew Delhi
_bDhapat Rai & Co
_c2013